Skills in English, (Record no. 4720)
[ view plain ]
| 000 -LEADER | |
|---|---|
| fixed length control field | 01359cac a22003975a 4500 |
| 003 - CONTROL NUMBER IDENTIFIER | |
| control field | EG-ScBUE |
| 005 - DATE AND TIME OF LATEST TRANSACTION | |
| control field | 20191223120309.0 |
| 008 - FIXED-LENGTH DATA ELEMENTS--GENERAL INFORMATION | |
| fixed length control field | 101021r20052004enka f 000 0 eng d |
| 020 ## - INTERNATIONAL STANDARD BOOK NUMBER | |
| International Standard Book Number | 1859647766 (Level 1) |
| 020 ## - INTERNATIONAL STANDARD BOOK NUMBER | |
| International Standard Book Number | 9781859647769 (Level 1) |
| 020 ## - INTERNATIONAL STANDARD BOOK NUMBER | |
| International Standard Book Number | 1859647863 (Level 2) |
| 020 ## - INTERNATIONAL STANDARD BOOK NUMBER | |
| International Standard Book Number | 9781859647868 (Level 2) |
| 020 ## - INTERNATIONAL STANDARD BOOK NUMBER | |
| International Standard Book Number | 1859647960 (Level 3) |
| 020 ## - INTERNATIONAL STANDARD BOOK NUMBER | |
| International Standard Book Number | 9781859647967 (Level 3) |
| 040 ## - CATALOGING SOURCE | |
| Original cataloging agency | EG-ScBUE |
| Language of cataloging | eng |
| Description conventions | rda |
| Transcribing agency | EG-ScBUE |
| Modifying agency | EG-ScBUE |
| 082 04 - DEWEY DECIMAL CLASSIFICATION NUMBER | |
| Classification number | 428.34 |
| Item number | PHI |
| Edition number | 22 |
| 100 1# - MAIN ENTRY--PERSONAL NAME | |
| Personal name | Phillips, Terry, |
| Dates associated with a name | 1949- |
| Relator term | author. |
| 9 (RLIN) | 20560 |
| 245 10 - TITLE STATEMENT | |
| Title | Skills in English, |
| Name of part/section of a work | Reading, |
| -- | Teacher's book / |
| Statement of responsibility, etc | Terry Phillips, Anna Phillips. |
| 246 30 - VARYING FORM OF TITLE | |
| Title proper/short title | Reading |
| 246 30 - VARYING FORM OF TITLE | |
| Title proper/short title | Teacher's book |
| 250 ## - EDITION STATEMENT | |
| Edition statement | Second edition. |
| 250 ## - EDITION STATEMENT | |
| Edition statement | Reprint edition. |
| 264 #1 - PUBLICATION, DISTRIBUTION, ETC. (IMPRINT) | |
| Place of publication, distribution, etc | Reading, UK : |
| Name of publisher, distributor, etc | Garnet Education, |
| Date of publication, distribution, etc | 2005. |
| 300 ## - PHYSICAL DESCRIPTION | |
| Extent | 3 volumes : |
| Other physical details | color illustrations ; |
| Dimensions | 26 cm |
| 336 ## - CONTENT TYPE | |
| Source | rdacontent |
| Content type term | text |
| Content type code | txt |
| 337 ## - MEDIA TYPE | |
| Source | rdamedia |
| Media type term | unmediated |
| Media type code | n |
| 338 ## - CARRIER TYPE | |
| Source | rdacarrier |
| Carrier type term | volume |
| Carrier type code | nc |
| 505 0# - FORMATTED CONTENTS NOTE | |
| Formatted contents note | Level 1 -- Level 2 -- Level 3. |
| 590 ## - LOCAL NOTE (RLIN) | |
| Local note | Mohamed. |
| 650 #7 - SUBJECT ADDED ENTRY--TOPICAL TERM | |
| Topical term or geographic name as entry element | English language |
| Form subdivision | Textbooks for foreign speakers. |
| Source of heading or term | BUEsh |
| 9 (RLIN) | 20561 |
| 650 #7 - SUBJECT ADDED ENTRY--TOPICAL TERM | |
| Topical term or geographic name as entry element | English language |
| General subdivision | Spoken English. |
| Source of heading or term | BUEsh |
| 9 (RLIN) | 20562 |
| 653 ## - INDEX TERM--UNCONTROLLED | |
| Resource For college | Humanities: English |
| Arrived date list | July2019 |
| 655 ## - INDEX TERM--GENRE/FORM | |
| Form subdivision | Reading book |
| 700 1# - ADDED ENTRY--PERSONAL NAME | |
| Personal name | Phillips, Anna, |
| Dates associated with a name | 1954- |
| Relator term | author. |
| 9 (RLIN) | 20564 |
| 942 ## - ADDED ENTRY ELEMENTS (KOHA) | |
| Koha item type | Book - Borrowing |
| Call number prefix | 428.34 PHI |
| Source of classification or shelving scheme | Dewey Decimal Classification |
| Withdrawn status | Lost status | Source of classification or shelving scheme | Damaged status | Not for loan | Collection code | Home library | Current library | Shelving location | Date acquired | Source of acquisition | Total Checkouts | Full call number | Barcode | Date last seen | Date checked out | Price effective from | Koha item type | Public note | Total Renewals | Cost, normal purchase price | Cost, replacement price |
|---|---|---|---|---|---|---|---|---|---|---|---|---|---|---|---|---|---|---|---|---|---|
| Dewey Decimal Classification | Central Library | Central Library | Second Floor | 07/09/2016 | 1 | 428.34 PHI | 000005524 | 15/07/2025 | 10/02/2009 | 16/09/2007 | Book - Teacher Resource | ||||||||||
| Dewey Decimal Classification | Baccah | Central Library | Central Library | Second Floor | 17/09/2007 | Purchase | 2 | 428.34 PHI | 000005527 | 15/07/2025 | 24/11/2013 | Book - Teacher Resource | Level 3 | ||||||||
| Dewey Decimal Classification | Baccah | Central Library | Central Library | Second Floor | 17/09/2007 | Purchase | 1 | 428.34 PHI | 000005528 | 15/07/2025 | 02/02/2010 | Book - Teacher Resource | Level 3 | 5 | |||||||
| Dewey Decimal Classification | Baccah | Central Library | Central Library | Second Floor | 31/10/2010 | 1 | 428.34 PHI | 000005531 | 15/07/2025 | 03/03/2009 | 17/09/2007 | Book - Teacher Resource | Level 2 | 100.00 | 125.00 | ||||||
| Dewey Decimal Classification | Central Library | Central Library | Second Floor | 21/10/2010 | 428.34 PHI | 000005523 | 15/07/2025 | 21/10/2010 | Book - Teacher Resource | ||||||||||||
| Dewey Decimal Classification | Central Library | Central Library | Second Floor | 21/10/2010 | 428.34 PHI | 000022431 | 15/07/2025 | 21/10/2010 | Book - Teacher Resource | Level 1 | |||||||||||
| Dewey Decimal Classification | Central Library | Central Library | Second Floor | 21/10/2010 | 428.34 PHI | 000022432 | 15/07/2025 | 21/10/2010 | Book - Teacher Resource | Level 1 | |||||||||||
| Dewey Decimal Classification | Baccah | Central Library | Central Library | Second Floor | 31/10/2010 | 428.34 PHI | 000022457 | 15/07/2025 | 31/10/2010 | Book - Teacher Resource | Level 2 | 100.00 | 125.00 | ||||||||
| Dewey Decimal Classification | Baccah | Central Library | Central Library | Second Floor | 31/10/2010 | 428.34 PHI | 000022456 | 15/07/2025 | 31/10/2010 | Book - Teacher Resource | Level 2 | 100.00 | 125.00 | ||||||||
| Dewey Decimal Classification | Baccah | Central Library | Central Library | Second Floor | 31/10/2010 | 428.34 PHI | 000022455 | 15/07/2025 | 31/10/2010 | Book - Teacher Resource | Level 2 | 100.00 | 125.00 | ||||||||
| Dewey Decimal Classification | Baccah | Central Library | Central Library | Second Floor | 31/10/2010 | 428.34 PHI | 000022454 | 15/07/2025 | 31/10/2010 | Book - Teacher Resource | Level 2 | 100.00 | 125.00 | ||||||||
| Dewey Decimal Classification | Donation-Gift | Central Library | Central Library | Second Floor | 28/11/2022 | Donation | 428.34 PHI | 000056558 | 15/07/2025 | 28/11/2022 | Book - Teacher Resource |